| 000 | 00428nam a2200169Ia 4500 | ||
|---|---|---|---|
| 008 | 221030s9999 xx 000 0 und d | ||
| 020 | _a8121902908 | ||
| 041 | _aEnglish | ||
| 082 |
_a105.23 _bThe |
||
| 100 | _aB. L. Theraja | ||
| 245 | 0 |
_aText book of Electrical Technology _bBasic Electrical Engineering |
|
| 260 |
_bS. Chand & Co _aNew Delhi _c2002 |
||
| 300 | _a800 | ||
| 650 | _aBB EE | ||
| 700 | _aTheraja | ||
| 942 | _cBK | ||
| 999 |
_c1263 _d1263 |
||